| 000 | 00789nas a2200253 4500 | ||
|---|---|---|---|
| 001 | BR0904168 | ||
| 003 | BR-BrBNA | ||
| 005 | 20231205113244.0 | ||
| 007 | ta | ||
| 008 | 230509b bl.|||p| |||| 00| 00por d | ||
| 040 |
_aBR-BrBNA _bpor _cBiblioteca Nacional de Agricultura |
||
| 041 | _a(Pt) | ||
| 072 | _aE16 | ||
| 100 | 1 | _aVerdi, A.R. | |
| 100 | 1 | _aSilva, P.R. | |
| 100 | 1 | _aFrancisco, V.L.F. dos S. | |
| 100 | 1 | _aAmaro, C. da S. L. | |
| 245 | 1 | _aArranjo produtivo local: Identificação das possibilidades da vinicultura na região de Campinas | |
| 650 | _aVINICULTURA | ||
| 650 | _aCAMPINAS | ||
| 773 | 0 |
_tAgricultura em São Paulo (Brazil) _xISSN 0044-6793 _g(Jul-Dec 2005), v. 52(2) p. 73-86 _wBR0904168 |
|
| 909 |
_a202311 _bLúcia _c55 _dLúcia Elande |
||
| 942 |
_2AGRIS _n0 _cANA |
||
| 999 |
_c202729 _d202729 |
||